Normal view
MARC view
Entry Personal Name
001 - CONTROL NUMBER
- control field: 20002
003 - CONTROL NUMBER IDENTIFIER
- control field: OSt
005 - DATE AND TIME OF LATEST TRANSACTION
- control field: 20210104151058.0
008 - FIXED-LENGTH DATA ELEMENTS
- fixed length control field: 210104|| aca||aabn | a|a d
040 ## - CATALOGING SOURCE
- Original cataloging agency: OSt
- Transcribing agency: OSt
100 ## - HEADING--PERSONAL NAME
- Personal name: Shettar,B.T.
670 ## - SOURCE DATA FOUND
- Source citation: Work cat.: (OSt): Shettar,B.T., Athani Murughendra shivayogi the divine spark, 2003
